Statistiques concernant Clubs de football commençant par K

Cliquez ici pour prendre le quiz!

Statistiques générales

  • Ce quiz a été pris 101 fois
  • Le résultat moyen est 4 sur 12

Statistiques - réponses

Réponse% Correct
Krasnodar
82%
Kaizer Chiefs
63%
Kansas City
56%
KAS Eupen
42%
Konyaspor
39%
Kayserispor
32%
Kasimpasa
31%
KV Courtrai
20%
Karlsruher SC
17%
Kalmar FF
14%
Korona Kielce
5%
Kieler SV Holstein
1%

Distribution des résultats

Percentile par nombre de réponses

% des personnes avec chaque résultat

Votre développement - résultats

Vous n’avez pas pris ce quiz